[Event "Kiev Independence Cup-A 9th"]
[Site "Kiev"]
[Date "2009.08.22"]
[Round "10"]
[White "Nazarevich, Vitaly"]
[Black "Baryshpolets, Andrey"]
[Result "1-0"]
[WhiteElo "2264"]
[BlackElo "2426"]
[PlyCount "59"]
[EventDate "2009.08.13"]
[EventType "swiss"]
[EventRounds "11"]
[EventCountry "UKR"]
[SourceTitle "CBM 131 Extra"]
[Source "ChessBase"]
[SourceDate "2009.09.03"]
[SourceVersion "2"]
[SourceVersionDate "2009.09.16"]
[SourceQuality "1"]

1. e4 e5 2. Nf3 Nc6 3. d4 exd4 4. Nxd4 Bc5 5. Be3 Qf6 6. c3 Nge7 7. Bc4 Ne5 8. Be2 Qg6 9. 0-0 d6 10. f3 0-0 11. Kh1 d5 12. Nd2 dxe4 13. Nxe4 Bb6 14. Qb3 c5 15. Bf4 cxd4 16. Bxe5 Be6 17. c4 Nf5 18. Bd3 Ne3 19. Rg1 f5 20. Nd6 Qh5 21. Qb5 f4 22. g4 Qh3 23. Be4 Bd8 24. Qxb7 Bf6 25. Bxf6 gxf6 26. g5 f5 27. g6 Ng4 28. Qxh7+ Qxh7 29. gxh7+ Kxh7 30. Bxa8 1-0

[Event "Kiev Independence Cup-A 9th"]
[Site "Kiev"]
[Date "2009.08.20"]
[Round "8"]
[White "Nazarevich, Vitaly"]
[Black "Nyzhnyk, Illya"]
[Result "0-1"]
[WhiteElo "2264"]
[BlackElo "2486"]
[PlyCount "62"]
[EventDate "2009.08.13"]
[EventType "swiss"]
[EventRounds "11"]
[EventCountry "UKR"]
[SourceTitle "CBM 131 Extra"]
[Source "ChessBase"]
[SourceDate "2009.09.03"]
[SourceVersion "2"]
[SourceVersionDate "2009.09.16"]
[SourceQuality "1"]

1. e4 c5 2. Nf3 d6 3. d4 cxd4 4. Nxd4 Nf6 5. Nc3 a6 6. g3 e5 7. Nde2 Qc7 8. Bg5 Nbd7 9. Bh3 b5 10. Bxd7+ Nxd7 11. Nd5 Qc6 12. a4 bxa4 13. Qd2 a5 14. Nec3 Nc5 15. Be3 Be6 16. Bxc5 dxc5 17. Rxa4 Bd6 18. 0-0 0-0 19. Rfa1 c4 20. Rxa5 Rxa5 21. Rxa5 Rb8 22. Qc1 h6 23. Qa1 Qe8 24. Qa2 Qd8 25. Ra6 Bh3 26. Qxc4 Rxb2 27. Qd3 Kh7 28. Nf4 exf4 29. e5+ g6 30. exd6 Qf6 31. Nd1 Qe5 0-1

[Event "Kiev Independence Cup-A 9th"]
[Site "Kiev"]
[Date "2009.08.18"]
[Round "6"]
[White "Nazarevich, Vitaly"]
[Black "Shankovsky, Andriy"]
[Result "1/2-1/2"]
[WhiteElo "2264"]
[BlackElo "2314"]
[PlyCount "75"]
[EventDate "2009.08.13"]
[EventType "swiss"]
[EventRounds "11"]
[EventCountry "UKR"]
[SourceTitle "CBM 131 Extra"]
[Source "ChessBase"]
[SourceDate "2009.09.03"]
[SourceVersion "2"]
[SourceVersionDate "2009.09.16"]
[SourceQuality "1"]

1. e4 c5 2. Nf3 d6 3. d4 cxd4 4. Nxd4 Nf6 5. Nc3 Nc6 6. Bg5 e5 7. Nb3 Be6 8. Qd2 Be7 9. 0-0-0 Bxb3 10. axb3 Qa5 11. Kb1 0-0 12. Bxf6 Bxf6 13. Nd5 Qxd2 14. Nxf6+ gxf6 15. Rxd2 Rfd8 16. Bc4 Kf8 17. f4 Ke7 18. Rf1 Rg8 19. Rf3 Rg4 20. g3 h5 21. c3 h4 22. Rdf2 hxg3 23. hxg3 Rag8 24. fxe5 Nxe5 25. Rxf6 R8g7 26. Bd5 b6 27. Ka2 Rxg3 28. Ka3 Rg1 29. b4 Ra1+ 30. Kb3 a5 31. bxa5 bxa5 32. Rf1 a4+ 33. Kb4 Nd3+ 34. Kb5 Rxf1 35. Rxf1 Nxb2 36. Kb4 Nd3+ 37. Kxa4 Ne5 38. Kb4 1/2-1/2

[Event "UKR Games (Men) 3rd"]
[Site "Evpatoria"]
[Date "2007.05.23"]
[Round "4"]
[White "Nazarevich, Vitaly"]
[Black "Veremiy, Bogdan"]
[Result "1-0"]
[WhiteElo "2304"]
[BlackElo "2206"]
[PlyCount "63"]
[EventDate "2007.05.21"]
[EventType "team"]
[EventRounds "7"]
[EventCountry "UKR"]
[SourceTitle "CBM 118 Extra"]
[Source "ChessBase"]
[SourceDate "2007.07.04"]
[SourceVersion "1"]
[SourceVersionDate "2007.07.04"]
[SourceQuality "1"]

1. e4 c5 2. Nf3 d6 3. d4 cxd4 4. Nxd4 Nf6 5. Nc3 g6 6. Be3 Bg7 7. f3 0-0 8. Qd2 Nc6 9. Bc4 Bd7 10. 0-0-0 Rc8 11. Bb3 Nxd4 12. Bxd4 b5 13. g4 a5 14. a3 b4 15. axb4 Rb8 16. b5 Bxb5 17. h4 Qc8 18. h5 Bc4 19. hxg6 fxg6 20. Nd5 Rf7 21. Nb6 Rxb6 22. Bxc4 Qxc4 23. Bxb6 a4 24. e5 Nd7 25. exd6 a3 26. bxa3 Qa2 27. Qb4 Nxb6 28. dxe7 Qa1+ 29. Kd2 Qe5 30. Rde1 Qc3+ 31. Qxc3 Bxc3+ 32. Kd1 1-0

[Event "UKR Games (Men) 3rd"]
[Site "Evpatoria"]
[Date "2007.05.22"]
[Round "3"]
[White "Korobov, Anton"]
[Black "Nazarevich, Vitaly"]
[Result "1-0"]
[WhiteElo "2531"]
[BlackElo "2304"]
[PlyCount "67"]
[EventDate "2007.05.21"]
[EventType "team"]
[EventRounds "7"]
[EventCountry "UKR"]
[SourceTitle "CBM 118 Extra"]
[Source "ChessBase"]
[SourceDate "2007.07.04"]
[SourceVersion "1"]
[SourceVersionDate "2007.07.04"]
[SourceQuality "1"]

1. d4 Nf6 2. c4 e6 3. Nc3 Bb4 4. e3 0-0 5. Bd3 d5 6. Nf3 c5 7. 0-0 cxd4 8. exd4 dxc4 9. Bxc4 Nc6 10. Bg5 Be7 11. Re1 Nd5 12. Bxd5 exd5 13. Bxe7 Nxe7 14. Qd3 b6 15. Rac1 Bg4 16. Ne5 Be6 17. Nb5 Nf5 18. g4 Nh6 19. Qg3 Rc8 20. Nc6 Qd7 21. Qd6 Kh8 22. Ncxa7 Qxd6 23. Nxd6 Ra8 24. Rc7 Nxg4 25. a3 Nf6 26. Nab5 Kg8 27. f3 Rfb8 28. Kf2 Kf8 29. b3 Ne8 30. Nxe8 Kxe8 31. a4 Kd8 32. Rxe6 fxe6 33. Rxg7 Ke8 34. Nc7+ 1-0

[Event "UKR Games (Men) 3rd"]
[Site "Evpatoria"]
[Date "2007.05.22"]
[Round "2"]
[White "Nazarevich, Vitaly"]
[Black "Peskov, Alexsey"]
[Result "1-0"]
[WhiteElo "2304"]
[BlackElo "2366"]
[PlyCount "43"]
[EventDate "2007.05.21"]
[EventType "team"]
[EventRounds "7"]
[EventCountry "UKR"]
[SourceTitle "CBM 118 Extra"]
[Source "ChessBase"]
[SourceDate "2007.07.04"]
[SourceVersion "1"]
[SourceVersionDate "2007.07.04"]
[SourceQuality "1"]

1. e4 c5 2. Nf3 Nc6 3. d4 cxd4 4. Nxd4 Nf6 5. Nc3 d6 6. Bg5 e6 7. Qd2 Be7 8. 0-0-0 Nxd4 9. Qxd4 0-0 10. f4 Qa5 11. Bd3 h6 12. h4 e5 13. Qf2 exf4 14. Nd5 Nxd5 15. exd5 Bd8 16. Qxf4 Qxa2 17. Bxd8 Rxd8 18. Rhf1 Qa1+ 19. Kd2 Qa5+ 20. b4 Qxd5 21. c4 Qxg2+ 22. Rf2 1-0

[Event "UKR-ch sf U20"]
[Site "Lvov"]
[Date "2006.12.18"]
[Round "3"]
[White "Zdebsky, Alexander"]
[Black "Nazarevich, Vitaly"]
[Result "1/2-1/2"]
[WhiteElo "2078"]
[BlackElo "2304"]
[PlyCount "30"]
[EventDate "2006.12.16"]
[EventType "swiss"]
[EventRounds "9"]
[EventCountry "UKR"]
[SourceTitle "EXT 2023"]
[Source "ChessBase"]
[SourceDate "2022.10.05"]
[SourceVersion "1"]
[SourceVersionDate "2022.10.05"]
[SourceQuality "1"]

1. e4 c5 2. Nf3 Nc6 3. d4 cxd4 4. Nxd4 Qc7 5. Nc3 e6 6. Be3 Nf6 7. g3 d6 8. Bg2 Bd7 9. 0-0 Nxd4 10. Bxd4 Be7 11. f4 e5 12. Be3 0-0 13. f5 b5 14. Bg5 Qc5+ 15. Rf2 Bc6 1/2-1/2

[Event "Kiev Independence Cup-A 6th"]
[Site "Kiev"]
[Date "2006.08.18"]
[Round "6"]
[White "Nazarevich, Vitaly"]
[Black "Grinev, Valeriy"]
[Result "1-0"]
[WhiteElo "2303"]
[BlackElo "2249"]
[PlyCount "109"]
[EventDate "2006.08.13"]
[EventType "swiss"]
[EventRounds "11"]
[EventCountry "UKR"]
[SourceTitle "CBM 113 Extra"]
[Source "ChessBase"]
[SourceDate "2006.09.14"]
[SourceVersion "1"]
[SourceVersionDate "2006.09.14"]
[SourceQuality "1"]

1. e4 c6 2. d4 d5 3. Nd2 dxe4 4. Nxe4 Bf5 5. Ng3 Bg6 6. Nf3 Nd7 7. h4 h6 8. h5 Bh7 9. Bd3 Bxd3 10. Qxd3 e6 11. Bf4 Qa5+ 12. c3 Ngf6 13. b4 Qb5 14. Qxb5 cxb5 15. a4 bxa4 16. Rxa4 a6 17. Ke2 Be7 18. b5 Nd5 19. Bd2 N7b6 20. Ra5 Nc4 21. Ra2 0-0 22. bxa6 bxa6 23. Kd3 Rfc8 24. Ne2 a5 25. Rha1 a4 26. Bc1 Ndb6 27. Nd2 a3 28. Nxc4 Nxc4 29. Ng3 Ra5 30. Nf1 Rxh5 31. Ne3 Nxe3 32. fxe3 e5 33. Bxa3 Bxa3 34. Rxa3 exd4 35. Ra8 Rxa8 36. Rxa8+ Kh7 37. exd4 Rg5 38. c4 Rg3+ 39. Ke4 Rxg2 40. c5 Rc2 41. Kd5 g5 42. c6 g4 43. Kd6 g3 44. Ra3 g2 45. Rg3 h5 46. c7 h4 47. Rxg2 Rxg2 48. c8Q Rg3 49. d5 h3 50. Qf5+ Kg8 51. Ke7 Re3+ 52. Kf6 Rg3 53. d6 h2 54. d7 Rg6+ 55. Qxg6+ 1-0

[Event "Kiev Independence Cup-A 6th"]
[Site "Kiev"]
[Date "2006.08.16"]
[Round "4"]
[White "Nazarevich, Vitaly"]
[Black "Berezjuk, Evgeniya"]
[Result "0-1"]
[WhiteElo "2303"]
[BlackElo "2096"]
[PlyCount "48"]
[EventDate "2006.08.13"]
[EventType "swiss"]
[EventRounds "11"]
[EventCountry "UKR"]
[SourceTitle "CBM 113 Extra"]
[Source "ChessBase"]
[SourceDate "2006.09.14"]
[SourceVersion "1"]
[SourceVersionDate "2006.09.14"]
[SourceQuality "1"]

1. e4 g6 2. d4 d6 3. Nc3 Nf6 4. Be3 c6 5. f3 b5 6. Qd2 Nbd7 7. d5 cxd5 8. Bxb5 dxe4 9. Bc6 Rb8 10. Bxa7 Rxb2 11. Na4 Rxc2 12. Qxc2 Qa5+ 13. Qc3 Qxa7 14. Bxe4 Ba6 15. Rc1 e5 16. Bc6 Be7 17. Qd2 0-0 18. Qf2 Qb8 19. Qe3 e4 20. f4 Ng4 21. Qb3 Qa7 22. Qg3 Ndf6 23. Ne2 h5 24. h4 Rc8 0-1

[Event "Ilichevsk Sunny Pawn op"]
[Site "Ilichevsk"]
[Date "2006.07.21"]
[Round "2"]
[White "Nazarevich, Vitaly"]
[Black "Pylypchuk, Sviatoslav"]
[Result "1/2-1/2"]
[WhiteElo "2303"]
[BlackElo "1926"]
[PlyCount "47"]
[EventDate "2006.07.20"]
[EventType "swiss"]
[EventRounds "11"]
[EventCountry "UKR"]
[SourceTitle "CBM 113 Extra"]
[Source "ChessBase"]
[SourceDate "2006.09.14"]
[SourceVersion "1"]
[SourceVersionDate "2006.09.14"]
[SourceQuality "1"]

1. d4 Nf6 2. c4 c5 3. d5 b5 4. cxb5 a6 5. bxa6 Bxa6 6. Nc3 g6 7. Nf3 Bg7 8. g3 0-0 9. Bg2 d6 10. 0-0 Qa5 11. Qd2 Nbd7 12. b3 Rfb8 13. Bb2 Ne4 14. Nxe4 Qxd2 15. Nfxd2 Bxb2 16. Rab1 Bg7 17. Rfe1 Bb7 18. a4 Nb6 19. Nc4 Nxc4 20. bxc4 Rxa4 21. Rb6 Rb4 22. Rb1 Rxb1+ 23. Rxb1 Kf8 24. Rb5 1/2-1/2

[Event "Ternopol Kaplun Memorial 9th"]
[Site "Ternopol"]
[Date "2006.05.29"]
[Round "9"]
[White "Jamashev, Evgeny"]
[Black "Nazarevich, Vitaly"]
[Result "1/2-1/2"]
[WhiteElo "2320"]
[BlackElo "2329"]
[PlyCount "64"]
[EventDate "2006.05.24"]
[EventType "tourn"]
[EventRounds "9"]
[EventCountry "UKR"]
[EventCategory "2"]
[SourceTitle "CBM 112 Extra"]
[Source "ChessBase"]
[SourceDate "2006.07.14"]
[SourceVersion "1"]
[SourceVersionDate "2006.07.14"]
[SourceQuality "1"]

1. e4 d6 2. d4 Nf6 3. Nc3 Nbd7 4. Nf3 e5 5. Bc4 Be7 6. 0-0 0-0 7. a4 c6 8. Re1 Qc7 9. Bb3 h6 10. dxe5 dxe5 11. h3 Nc5 12. Ba2 Rd8 13. Qe2 Be6 14. Be3 Bxa2 15. Bxc5 Bxc5 16. Nxa2 Rd7 17. Rad1 Rad8 18. Rxd7 Rxd7 19. b4 Be7 20. Qc4 a5 21. c3 Kf8 22. Nc1 axb4 23. cxb4 Qd6 24. Na2 Ne8 25. b5 cxb5 26. axb5 Rc7 27. Qb3 Rc5 28. Nc3 Nc7 29. Rd1 Qb6 30. Nd5 Nxd5 31. Rxd5 Rxd5 32. Qxd5 f6 1/2-1/2

[Event "Ternopol Kaplun Memorial 9th"]
[Site "Ternopol"]
[Date "2006.05.26"]
[Round "5"]
[White "Bets, Anatolij"]
[Black "Nazarevich, Vitaly"]
[Result "1-0"]
[WhiteElo "2382"]
[BlackElo "2329"]
[PlyCount "99"]
[EventDate "2006.05.24"]
[EventType "tourn"]
[EventRounds "9"]
[EventCountry "UKR"]
[EventCategory "2"]
[SourceTitle "CBM 112 Extra"]
[Source "ChessBase"]
[SourceDate "2006.07.14"]
[SourceVersion "1"]
[SourceVersionDate "2006.07.14"]
[SourceQuality "1"]

1. d4 Nf6 2. c4 e6 3. Nf3 b6 4. g3 Bb7 5. Bg2 Bb4+ 6. Nbd2 0-0 7. 0-0 d5 8. cxd5 exd5 9. Ne5 Bd6 10. Ndc4 Be7 11. Bf4 Ne4 12. Nd2 Nd6 13. Qc2 c6 14. Rac1 a5 15. Rfd1 a4 16. a3 Ra7 17. e4 Nb5 18. Nf1 Bd6 19. exd5 cxd5 20. Be3 Nc7 21. f4 Qe8 22. Bf2 f6 23. Nf3 g6 24. Re1 Qf7 25. Bh3 Kg7 26. f5 Nc6 27. fxg6 hxg6 28. Nh4 Ne7 29. Rxe7 Bxe7 30. Qxc7 Bd8 31. Qd6 Re8 32. Bd7 Re7 33. Qb8 Ra5 34. Qxd8 Rxd7 35. Qxb6 Ra8 36. Ng2 Ba6 37. Nf4 Bc4 38. Ne6+ Kh7 39. Nc5 Rdd8 40. Qb4 f5 41. Ne3 Be2 42. Ng2 Bf3 43. Nf4 g5 44. Nfd3 Rdb8 45. Qc3 Qh5 46. Ne5 g4 47. Ncd7 Qh3 48. Nxf3 gxf3 49. Qxf3 Rxb2 50. Qxd5 1-0

[Event "Ternopol Kaplun Memorial 9th"]
[Site "Ternopol"]
[Date "2006.05.26"]
[Round "4"]
[White "Nazarevich, Vitaly"]
[Black "Udovik, Alexander"]
[Result "1/2-1/2"]
[WhiteElo "2329"]
[BlackElo "2094"]
[PlyCount "141"]
[EventDate "2006.05.24"]
[EventType "tourn"]
[EventRounds "9"]
[EventCountry "UKR"]
[EventCategory "2"]
[SourceTitle "CBM 112 Extra"]
[Source "ChessBase"]
[SourceDate "2006.07.14"]
[SourceVersion "1"]
[SourceVersionDate "2006.07.14"]
[SourceQuality "1"]

1. e4 c6 2. d4 d5 3. Nd2 dxe4 4. Nxe4 Nd7 5. Nf3 Ngf6 6. Ng3 e6 7. Be2 c5 8. 0-0 cxd4 9. Nxd4 Be7 10. Nb5 0-0 11. Nd6 Ne5 12. Nxc8 Rxc8 13. c3 Bc5 14. Qb3 Qb6 15. Bg5 Qxb3 16. axb3 a6 17. b4 Bb6 18. h3 h6 19. Bxf6 gxf6 20. Kh2 f5 21. f4 Nc4 22. Bxc4 Rxc4 23. Rad1 Rd8 24. Nh5 Kf8 25. Rxd8+ Bxd8 26. Rd1 Ke7 27. Kg3 Bb6 28. Rd3 Re4 29. Kf3 Re1 30. Ng3 Ke8 31. c4 Rc1 32. b3 Bd8 33. Ne2 Rf1+ 34. Kg3 Be7 35. c5 h5 36. h4 Rh1 37. Nd4 Bxh4+ 38. Kf3 Rf1+ 39. Ke3 Re1+ 40. Kf3 Bf6 41. Nc2 Rc1 42. Ne3 Rc3 43. Ke2 Rxd3 44. Kxd3 Bd8 45. Nc2 Bc7 46. Ke3 Kd7 47. Nd4 b5 48. Kf3 Bd8 49. Ke3 a5 50. bxa5 Bxa5 51. Kd3 Bb4 52. c6+ Kd6 53. Nxb5+ Kxc6 54. Kc4 Bc5 55. Nc3 Be3 56. Ne2 f6 57. Kd3 Bf2 58. Kc4 e5 59. b4 h4 60. Kd3 Be1 61. Kc4 Kd6 62. Ng1 Bg3 63. Ne2 exf4 64. Ng1 Bf2 65. Nf3 Kc6 66. Kd3 Kb5 67. Ke2 Bg3 68. Nd4+ Kxb4 69. Nxf5 Kc5 70. Kf3 Kd5 71. Ne7+ 1/2-1/2

[Event "Evpatoria tt U20"]
[Site "Evpatoria"]
[Date "2006.05.07"]
[Round "6"]
[White "Kryvoruchko, Yuriy"]
[Black "Nazarevich, Vitaly"]
[Result "1/2-1/2"]
[WhiteElo "2521"]
[BlackElo "2329"]
[PlyCount "83"]
[EventDate "2006.05.05"]
[EventType "team"]
[EventRounds "7"]
[EventCountry "UKR"]
[SourceTitle "CBM 112 Extra"]
[Source "ChessBase"]
[SourceDate "2006.07.14"]
[SourceVersion "1"]
[SourceVersionDate "2006.07.14"]
[SourceQuality "1"]

1. e4 c5 2. Nf3 Nc6 3. d4 cxd4 4. Nxd4 Qc7 5. Nc3 e6 6. Be3 Nf6 7. f3 a6 8. Qd2 Bb4 9. a3 Be7 10. g4 h6 11. 0-0-0 b5 12. h4 Bb7 13. Bh3 Ne5 14. Bf4 g5 15. hxg5 hxg5 16. Bxg5 Nc4 17. Qe1 Nxe4 18. Nxe4 Bxg5+ 19. Nxg5 Qf4+ 20. Kb1 Qxg5 21. b3 Nxa3+ 22. Kb2 Qc5 23. Bg2 Rxh1 24. Qxh1 0-0-0 25. f4 Bxg2 26. Qxg2 Kc7 27. Qg1 Kb6 28. Nf3 Qxg1 29. Rxg1 b4 30. Ne5 f6 31. Nd3 a5 32. g5 fxg5 33. fxg5 Nb5 34. Ne5 Nd6 35. g6 Nf5 36. g7 Rg8 37. Nxd7+ Kb5 38. Nf8 Rxg7 39. Re1 Nd4 40. Nxe6 Nxe6 41. Rxe6 Rc7 42. Re5+ 1/2-1/2

[Event "Evpatoria tt U20"]
[Site "Evpatoria"]
[Date "2006.05.06"]
[Round "4"]
[White "Zinchenko, Yaroslav"]
[Black "Nazarevich, Vitaly"]
[Result "0-1"]
[WhiteElo "2499"]
[BlackElo "2329"]
[PlyCount "60"]
[EventDate "2006.05.05"]
[EventType "team"]
[EventRounds "7"]
[EventCountry "UKR"]
[SourceTitle "CBM 112 Extra"]
[Source "ChessBase"]
[SourceDate "2006.07.14"]
[SourceVersion "1"]
[SourceVersionDate "2006.07.14"]
[SourceQuality "1"]

1. e4 c5 2. Nf3 Nc6 3. d4 cxd4 4. Nxd4 Qc7 5. Nc3 e6 6. Be2 a6 7. 0-0 Nf6 8. Be3 Bb4 9. Na4 Be7 10. Nxc6 bxc6 11. Nb6 Rb8 12. Nxc8 Qxc8 13. Bd4 c5 14. Be5 Rb6 15. Qd3 d6 16. Bc3 0-0 17. b3 Nd7 18. Rad1 Re8 19. Qg3 Bf8 20. f4 d5 21. Ba5 Rb8 22. f5 Nf6 23. e5 Ne4 24. Qf4 c4 25. fxe6 fxe6 26. Kh1 Bc5 27. Be1 Rf8 28. Qg4 Rxf1+ 29. Bxf1 Bf2 30. Bd2 Bb6 0-1

[Event "Evpatoria tt U20"]
[Site "Evpatoria"]
[Date "2006.05.05"]
[Round "2"]
[White "Nazarevich, Vitaly"]
[Black "Sysoenko, Aleksey"]
[Result "0-1"]
[WhiteElo "2329"]
[BlackElo "2253"]
[PlyCount "66"]
[EventDate "2006.05.05"]
[EventType "team"]
[EventRounds "7"]
[EventCountry "UKR"]
[SourceTitle "CBM 112 Extra"]
[Source "ChessBase"]
[SourceDate "2006.07.14"]
[SourceVersion "1"]
[SourceVersionDate "2006.07.14"]
[SourceQuality "1"]

1. e4 g6 2. d4 Bg7 3. Nc3 d6 4. Be3 Nf6 5. Qd2 Ng4 6. Bg5 h6 7. Bh4 Nd7 8. 0-0-0 0-0 9. h3 Ngf6 10. e5 Ne8 11. Nd5 g5 12. Bxg5 hxg5 13. Qxg5 f6 14. Qg6 e6 15. Bd3 exd5 16. Qh7+ Kf7 17. Bg6+ Ke6 18. Bf5+ Ke7 19. exf6+ Ndxf6 20. Re1+ Ne4 21. Bxe4 dxe4 22. Qxe4+ Kf7 23. Qd5+ Kg6 24. Nf3 Bh6+ 25. Kb1 Nf6 26. Nh4+ Kg7 27. Qf3 Nh7 28. Qg3+ Qg5 29. Re7+ Rf7 30. Rxf7+ Kxf7 31. Qf3+ Nf6 32. Qb3+ Kf8 33. Nf3 Qxg2 0-1

[Event "UKR-ch U20 qual"]
[Site "Lvov"]
[Date "2005.12.17"]
[Round "7"]
[White "Kononenko, Dmitry"]
[Black "Nazarevich, Vitaly"]
[Result "1-0"]
[WhiteElo "2430"]
[BlackElo "2346"]
[PlyCount "73"]
[EventDate "2005.12.11"]
[EventType "swiss"]
[EventRounds "9"]
[EventCountry "UKR"]
[SourceTitle "EXT 2007"]
[Source "ChessBase"]
[SourceDate "2006.11.23"]
[SourceVersion "1"]
[SourceVersionDate "2006.11.23"]
[SourceQuality "1"]

1. e4 c5 2. Nf3 d6 3. d4 cxd4 4. Nxd4 Nf6 5. Nc3 Nc6 6. Bc4 Bd7 7. Bb3 Qa5 8. 0-0 g6 9. Be3 Bg7 10. f3 0-0 11. Kh1 Rfc8 12. g4 Nxd4 13. Bxd4 Qg5 14. Qe2 Bc6 15. Rad1 h5 16. Be3 Qh4 17. g5 Nh7 18. Qg2 Bxc3 19. bxc3 Bb5 20. Rg1 Rxc3 21. Qd2 Rac8 22. Rg3 d5 23. Bd4 R3c7 24. Bb2 Bc4 25. Qd4 f6 26. Bxc4 Rxc4 27. Qxd5+ Kf8 28. gxf6 Nxf6 29. Bxf6 Qxf6 30. e5 Qf5 31. Rdg1 R4c6 32. Rg5 Qh3 33. Rxg6 Rxg6 34. Rxg6 e6 35. Qd6+ Kf7 36. Rf6+ Kg7 37. Qd3 1-0

[Event "UKR-ch U20 qual"]
[Site "Lvov"]
[Date "2005.12.11"]
[Round "1"]
[White "Rymskyy, Aleksander"]
[Black "Nazarevich, Vitaly"]
[Result "1/2-1/2"]
[WhiteElo "2109"]
[BlackElo "2346"]
[PlyCount "48"]
[EventDate "2005.12.11"]
[EventType "swiss"]
[EventRounds "9"]
[EventCountry "UKR"]
[SourceTitle "EXT 2007"]
[Source "ChessBase"]
[SourceDate "2006.11.23"]
[SourceVersion "1"]
[SourceVersionDate "2006.11.23"]
[SourceQuality "1"]

1. e4 c5 2. c3 Nf6 3. e5 Nd5 4. d4 cxd4 5. Nf3 Nc6 6. Bc4 e6 7. cxd4 d6 8. 0-0 Be7 9. Qe2 0-0 10. Qe4 Ndb4 11. exd6 Qxd6 12. Nc3 Na5 13. Be2 Qc6 14. Qe5 Nd5 15. Qg3 Nxc3 16. bxc3 Qxc3 17. Bh6 Bf6 18. Rac1 Qa3 19. Rc5 Rd8 20. Bg5 Bxg5 21. Qxg5 f6 22. Rxa5 Qxf3 23. Bxf3 fxg5 24. Rd1 h6 1/2-1/2

[Event "Kurass Memorial op 06th"]
[Site "Kiev"]
[Date "2005.06.27"]
[Round "7"]
[White "Kernazhitsky, Leonid"]
[Black "Nazarevich, Vitaly"]
[Result "1/2-1/2"]
[WhiteElo "2345"]
[BlackElo "2346"]
[PlyCount "66"]
[EventDate "2005.06.21"]
[EventType "swiss"]
[EventRounds "9"]
[EventCountry "UKR"]
[SourceTitle "CBM 107 Extra"]
[Source "ChessBase"]
[SourceDate "2005.09.01"]
[SourceVersion "1"]
[SourceVersionDate "2005.09.01"]
[SourceQuality "1"]

1. e4 c5 2. Nf3 Nc6 3. d4 cxd4 4. Nxd4 Qc7 5. Nc3 e6 6. Be2 Nf6 7. 0-0 a6 8. Kh1 b5 9. Nxc6 dxc6 10. Qd3 Bb7 11. f4 c5 12. Bf3 c4 13. Qe2 b4 14. e5 bxc3 15. exf6 gxf6 16. Bxb7 Qxb7 17. Qxc4 Rc8 18. Qa4+ Qc6 19. Qxc6+ Rxc6 20. bxc3 Bd6 21. Rb1 0-0 22. Rf3 Rfc8 23. Rg3+ Kf8 24. Rd3 Be7 25. Bd2 f5 26. Kg1 Bf6 27. Rb3 h5 28. Kf2 a5 29. a4 Rc4 30. Rd7 Bxc3 31. Rbb7 Bxd2 32. Rxf7+ Kg8 33. Rg7+ Kh8 1/2-1/2

[Event "Kurass Memorial op 06th"]
[Site "Kiev"]
[Date "2005.06.26"]
[Round "6"]
[White "Nazarevich, Vitaly"]
[Black "Grigorchuk, Sergey"]
[Result "1-0"]
[WhiteElo "2346"]
[BlackElo "2239"]
[PlyCount "43"]
[EventDate "2005.06.21"]
[EventType "swiss"]
[EventRounds "9"]
[EventCountry "UKR"]
[SourceTitle "CBM 107 Extra"]
[Source "ChessBase"]
[SourceDate "2005.09.01"]
[SourceVersion "1"]
[SourceVersionDate "2005.09.01"]
[SourceQuality "1"]

1. d4 Nf6 2. c4 e6 3. Nf3 b6 4. g3 Ba6 5. Nbd2 c6 6. Bg2 d5 7. 0-0 Be7 8. Qc2 Nbd7 9. Re1 b5 10. c5 0-0 11. e4 dxe4 12. Nxe4 Nxe4 13. Qxe4 Rc8 14. b4 Bb7 15. Qc2 Nf6 16. a4 Nd5 17. Bd2 a6 18. Ra3 Qc7 19. Ne5 Rcd8 20. g4 f6 21. Be4 g6 22. Bxg6 1-0

[Event "Kurass Memorial op 06th"]
[Site "Kiev"]
[Date "2005.06.21"]
[Round "1"]
[White "Nazarevich, Vitaly"]
[Black "Kovalenko, Vladimir V"]
[Result "1-0"]
[WhiteElo "2346"]
[BlackElo "2229"]
[PlyCount "95"]
[EventDate "2005.06.21"]
[EventType "swiss"]
[EventRounds "9"]
[EventCountry "UKR"]
[SourceTitle "CBM 107 Extra"]
[Source "ChessBase"]
[SourceDate "2005.09.01"]
[SourceVersion "1"]
[SourceVersionDate "2005.09.01"]
[SourceQuality "1"]

1. e4 c5 2. Nf3 Nc6 3. Nc3 e5 4. Bc4 d6 5. d3 Be6 6. 0-0 Be7 7. Nd5 Nf6 8. Ng5 Bxd5 9. exd5 Na5 10. f4 exf4 11. Bxf4 0-0 12. Qe1 b5 13. Bxb5 h6 14. Bd2 Nb7 15. Ne4 Nxe4 16. dxe4 Bf6 17. Bc6 Rb8 18. Qg3 h5 19. Qa3 Bd4+ 20. Kh1 c4 21. Bf4 Nc5 22. Rae1 Bxb2 23. Qxa7 Bc3 24. Re2 f6 25. Qa3 Be5 26. g3 Qc8 27. Kg2 Qg4 28. Qf3 Qg6 29. a4 Rf7 30. a5 Re7 31. Bc1 Ra7 32. Bd2 h4 33. Bc3 Bxc3 34. Qxc3 Nxe4 35. Qxc4 f5 36. Qd4 Rxa5 37. Bd7 Qg4 38. Be6+ Kh8 39. Re3 Nf6 40. Qd2 h3+ 41. Kg1 Ra4 42. Bxf5 Qh5 43. Be6 Qh6 44. Qe2 Rd4 45. Re1 Rbb4 46. c3 Qxe3+ 47. Qxe3 Re4 48. cxb4 1-0

[Event "UKR games U16 B1 2nd"]
[Site "Simferopol"]
[Date "2004.05.21"]
[Round "6"]
[White "Nazarevich, Vitaly"]
[Black "Soshnikov, Mikhail"]
[Result "0-1"]
[WhiteElo "2303"]
[BlackElo "2308"]
[PlyCount "81"]
[EventDate "2004.05.19"]
[EventType "swiss"]
[EventRounds "9"]
[EventCountry "UKR"]
[SourceTitle "EXT 2008"]
[Source "ChessBase"]
[SourceDate "2007.11.25"]
[SourceVersion "1"]
[SourceVersionDate "2007.11.25"]
[SourceQuality "1"]

1. e4 e6 2. d4 d5 3. Nd2 Nf6 4. e5 Nfd7 5. Bd3 c5 6. c3 Nc6 7. Ne2 Nb6 8. 0-0 Bd7 9. Nf3 cxd4 10. cxd4 Rc8 11. Bg5 Be7 12. Bxe7 Qxe7 13. b3 a5 14. Qd2 0-0 15. Ng3 Nb4 16. Bb1 a4 17. a3 Na6 18. Qd3 f5 19. exf6 gxf6 20. Re1 Qf7 21. Ra2 Nc7 22. bxa4 Nxa4 23. Qb3 Ne8 24. Rc2 Nd6 25. Qb4 Nc4 26. Ba2 b5 27. Nf5 Kh8 28. Bxc4 Rxc4 29. Rxc4 bxc4 30. Qd6 Nc3 31. Ne7 Re8 32. Qxd7 Rxe7 33. Qc6 Ne4 34. Rb1 Rc7 35. Qa8+ Kg7 36. Ne1 Nd2 37. Rb6 c3 38. Nc2 Nc4 39. Rb5 Qg6 40. Qb8 Rf7 41. Qg3 0-1